000 00925nam a2200277Ia 4500
003 OSt
005 20221005061107.0
006 a|||||r|||| 00| 0
007 ta
008 221004b |||||||| |||| 00| 0 eng d
020 _a9780415677998 (hbk)
_c795
024 _a110181
037 _b203/2011-12, 21/10/2011, Classic Book Service
_cTextual
040 _aCRL
_cCRL
_beng
041 _2eng
_aeng
082 _aQ2, Q1
100 _aBerti Daniela Ed.
_9416264
245 0 _aCultural entrenchment of hindutva
_b Local mediations and forms of convergence
260 _aLondon
_bRoutledge UK
_c2011
300 _axii, 344p.
_ccm.
650 _aRELIGION
700 _a Jaoul Nicolas Ed.
_9450079
700 _a Kanungo Pralay Ed.
_9450080
942 _hQ2, Q1
_cTEXL
_2cc
999 _c967707
_d967707